000 00468nam a2200193Ia 4500
999 _c28025
_d28025
003 0100
005 20170503093915.0
008 130303s9999 xx 000 0 und d
040 _cARRUPELIB
050 _aDT455.P48
100 _aPeters, Carl
_930331
245 4 _aThe Eldorado of the ancients
260 _bBooks of Rhodesia
_aBulawayo
_c1977
300 _a447p.
300 _b 23cm.
440 _aRhodesiana reprint library: Silver series n.16
_930332
650 _bMozambique
_xDescription and travel
_930333
650 _bGold mines and mining
_xHistory
_930334
650 _bOrphic
_930335
942 _2lcc
_cMONOGRAPH